000 00527nam a2200193 i 4500
001 132287
003 ES-MaACL
005 20250911063550.0
007 t|
008 070214s1947 ag r ||||1| spa d
080 _a1(04)
100 0 _aRomero, Francisco,
_d1891-1962
_999324
245 1 0 _aFilósofos y problemas /
_cFrancisco Romero.
260 _aBuenos Aires :
_bLosada,
_c1947.
300 _a171 p. ;
_c18 cm.
650 0 7 _aFilosofía
_2embne
_912802
852 _aES-MaACL
_jE-1154
999 _c132287
_d132287